000 00655nam a2200241Ia 4500
003 OSt
005 20221005120822.0
006 a|||||r|||| 00| 0
007 ta
008 221004b |||||||| |||| 00| 0 eng d
024 _a62921
037 _cTextual
040 _aCRL
_cCRL
_beng
041 _2eng
_aeng
082 _aV2111:1:L9, D0
100 _aPenny Frank
_9629688
245 0 _aFert St. George Madras
_b A short history of our first possession in India.
260 _c1908
490 _aIndian records series, 1988.
650 _aHISTORY
942 _hV2111:1:L9, D0
_cTEXL
_2cc
999 _c1039225
_d1039225